000 00355nam a22001217a 4500
999 _c13566
_d13566
082 _a891.43
_bم ح م
100 _aمحمود شام
245 _aمملکت اے مملکت
260 _aکراچی
_bویلکم بک پورٹ
_c٢٠٠٧
300 _a٣٥٠ صفحات
650 _aUrdu Literature, Mumlikat ae Mulikat, Mehmood Shaam
942 _cBK